000
00278nam a2200121Ia 4500
008
190216s9999||||xx |||||||||||||| ||und||
100
_a
Muhammed Hasrayel Ansari
245
0
_a
Hindi-Achala
260
_b
Koshik Prakashan
_c
2006
300
_a
112
650
_a
Hindi
942
_c
BK
999
_c
16490
_d
16490